000 003330000a22001450004500
005 20120302064642.0
942 _cBOOK
100 _a Joshi , Vimala
245 _a Chapha Bolena!
260 _aPune: Suraj; Pralasjam. 1993 .
300 _a126 p.
040 _amar
365 _bRs.60/-
650 _aSankirna / Vanaspati / Phulzade
999 _c362716
_d362713